[Event "Komotini GP"]
[Site "Komotini"]
[Date "1993.??.??"]
[Round "3"]
[White "Botsari Miladinovic, Anna Maria"]
[Black "Rajkovic, Dusan"]
[Result "1-0"]
[WhiteElo "2245"]
[BlackElo "2455"]

1.d4 Nf6 2.c4 e6 3.Nc3 Bb4 4.Qc2 O-O 5.a3 Bxc3+ 6.Qxc3 d6 7.Bg5 Nbd7 8.f3 a5
9.Nh3 a4 10.Nf2 b6 11.e4 Ra5 12.f4 e5 13.dxe5 dxe5 14.O-O-O h6 15.h4 Qe8
16.f5 Bb7 17.Qf3 Qa8 18.Bd3 Rd8 19.Bd2 Ra6 20.Bc2 Nc5 21.Rde1 Rd4 22.Bxh6 gxh6
23.Qg3+ Kf8 24.Qxe5 Qd8 25.Rd1 Rd7 26.Qf4 Ng8 27.e5 Ra8 28.f6 Ne6 29.Qg3 Nxf6
30.exf6 Rxd1+ 31.Rxd1 Qxf6 32.Ng4 Qg7 33.Bf5 Nd4 34.Qxc7 Nb3+ 35.Kb1 Be4+
36.Ka2 Re8 37.Qd6+ Re7 38.Bxe4  1-0

[Event "Komotini GP"]
[Site "Komotini"]
[Date "1993.??.??"]
[Round "3"]
[White "Atalik, Suat"]
[Black "Frendzas, Panayotis"]
[Result "1/2-1/2"]
[WhiteElo "2535"]
[BlackElo "2345"]

1.d4 Nf6 2.c4 e6 3.Nc3 Bb4 4.Qc2 O-O 5.a3 Bxc3+ 6.Qxc3 Qe8 7.g3 d6 8.Bg2 e5
9.dxe5 dxe5 10.b4 a5 11.Nf3 axb4 12.axb4 Ne4 13.Qb2 Rxa1 14.Qxa1 Qe7 15.O-O Re8
16.Bb2 f6 17.c5 Na6 18.Qb1 Ng5 19.Nxg5 fxg5 20.Be4 h6 21.Bd5+ Be6 22.Qe4 c6
23.Bxe6+ Qxe6 24.Rd1 Rf8 25.Qxe5 Qxe5 26.Bxe5 Rf7 27.Rd4 Re7 28.f4 gxf4 29.gxf4 g5
30.e3 gxf4 31.exf4 Nc7 32.Rd8+ Kh7 33.Kf2 Ne6 34.Rh8+ Kg6 35.Kf3 Rh7 36.Rg8+ Kf5
37.h4 Rd7 38.Ke3 Rd8 39.Rg1 Ra8 40.Kd3 Ra3+ 41.Kc2 Rh3 42.Rd1 Rxh4 43.Rd7 Nxf4
44.Bxf4 Rxf4 45.Rxb7 Ke6 46.Kb3 Rf7 47.Rb8 Rh7 48.Kc4 h5 49.Rc8 Kd7 50.Ra8 Rh6
51.b5 cxb5+ 52.Kxb5 Rg6 53.Rh8 Kc7 54.Rh7+ Kc8 55.Rxh5 Kc7 56.Rh7+ Kc8 57.Re7 Rh6
58.Kc4 Rh4+ 59.Kd5 Rh5+ 60.Kc6 Rh6+ 61.Kb5  1/2-1/2

[Event "Komotini GP"]
[Site "Komotini"]
[Date "1993.??.??"]
[Round "6"]
[White "Georgiev, Kiril"]
[Black "Kalesis, Nikolaos"]
[Result "0-1"]
[WhiteElo "2660"]
[BlackElo "2410"]

1.d4 Nf6 2.c4 e6 3.Nc3 Bb4 4.Qc2 O-O 5.a3 Bxc3+ 6.Qxc3 b6 7.Bg5 Bb7 8.Nh3 h6
9.Bh4 d5 10.cxd5 exd5 11.e3 Nbd7 12.Bd3 c5 13.O-O Rc8 14.f3 Qe7 15.Bf5 cxd4
16.Qxd4 Rc4 17.Bxf6 Nxf6 18.Qd2 d4 19.e4 g6 20.Qxh6 gxf5 21.Qg5+ Kh8 22.Qh4+ Kg7
23.Qg5+ Kh8 24.Nf4 Re8 25.Qxf5 Rc5 26.Qh3+ Nh7 27.Rad1 Ba6 28.Rfe1 Qd6 29.Nd5 d3
30.Qg3 Qh6 31.Qf4 Qg7 32.Nb4 Bb5 33.Nxd3 Rc2 34.Qg3 Bxd3 35.Qxg7+ Kxg7 36.Rxd3 Rxb2
37.Red1 Rc8 38.R1d2 Rxd2 39.Rxd2 Rc3 40.a4 Ra3 41.Rd4 Ng5 42.h4 Ne6 43.Rd7 Rxa4
44.h5 a5 45.e5 Rf4 46.Rb7 Rb4 47.h6+ Kxh6 48.Rxf7 a4 49.Ra7 Kg5 50.g3 Kf5
51.f4 Nxf4 52.gxf4 Rxf4 53.Ra6 Rb4 54.Kf2 Kxe5 55.Ke3 Kd5 56.Kd3 Kc5 57.Kc2 Rh4
58.Kb2 b5 59.Rg6 b4 60.Rg8 Kb5 61.Ka2 a3 62.Kb3 Rh3+ 63.Ka2 Ka4 64.Rg4 Rc3
65.Rh4 Rf3 66.Rg4 Rd3 67.Rh4 Rd2+ 68.Kb1 Kb3 69.Rh3+ Kc4 70.Rh8 Kc3 71.Rh1 b3
72.Rh3+ Rd3 73.Rh1 Rd4 74.Ka1 Kb4 75.Rb1 Rc4 76.Rg1 a2  0-1

[Event "Komotini GP"]
[Site "Komotini"]
[Date "1993.??.??"]
[Round "8"]
[White "Stefansson, Hannes"]
[Black "Angelis, Mihail"]
[Result "1/2-1/2"]
[WhiteElo "2500"]
[BlackElo "2275"]

1.c4 Nf6 2.Nc3 e6 3.d4 Bb4 4.Qc2 O-O 5.a3 Bxc3+ 6.Qxc3 a5 7.Bg5 h6 8.Bh4 d6
9.e3 Qe7 10.Bd3 b6 11.Ne2 Bb7 12.O-O Nbd7 13.f3 Rfe8 14.e4 Qf8 15.Bc2 Rec8
16.Ba4 c6 17.Qe3 Ba6 18.e5 dxe5 19.dxe5 Qc5 20.Qxc5 Nxc5 21.exf6 Nxa4 22.b3 Nc5
23.Nd4 g5 24.Bg3 a4 25.Rfb1 Nd7 26.Bd6 c5 27.Nc2 axb3 28.Ne3 Nxf6 29.Rxb3 Nd7
30.a4 Bb7 31.a5 Ra6 32.Ng4 f6 33.Nxh6+ Kg7 34.Ng4 e5 35.Ne3 Kf7 36.Nf5 Rca8
37.Bc7 Ke6 38.g4 Rxa5 39.Rxa5 Rxa5 40.Rd3 Bc8 41.Bd8 Ra4 42.Rd6+ Kf7 43.Ne7 Ke8
44.Nxc8 Kxd8 45.Nxb6 Kc7 46.Rxd7+ Kxb6 47.Rd6+ Kc7 48.Rxf6 Rxc4 49.Re6 e4
50.fxe4 Kd7 51.Re5 Kd6 52.Rd5+ Kc6 53.Rxg5 Rxe4 54.Rg8 c4 55.Kf2 c3 56.Rc8+ Kd5
57.g5 Rg4 58.Rxc3 Rxg5 59.h4 Rf5+ 60.Kg3 Ke6 61.Kg4 Rf1 62.Rc7 Rf7 63.Rc6+ Ke7
64.Rc8 Rf8 65.Rc7+ Kf6 66.h5 Rf7 67.Rxf7+  1/2-1/2

[Event "Las Palmas3"]
[Site "Las Palmas"]
[Date "1993.??.??"]
[Round "9"]
[White "Dao Thien Hai"]
[Black "Ulibin, Mikhail"]
[Result "1/2-1/2"]
[WhiteElo "2565"]
[BlackElo "2560"]

1.d4 e6 2.c4 Nf6 3.Nc3 Bb4 4.Qc2 O-O 5.a3 Bxc3+ 6.Qxc3 b6 7.Bg5 Bb7 8.Nf3 h6
9.Bh4 d6 10.Nd2 c5 11.dxc5 bxc5 12.e3 Nbd7 13.Rg1 e5 14.Bd3 Re8 15.Bf5 Nf8
16.Qc2 g6 17.g4 gxf5 18.Qxf5 N8d7 19.g5 hxg5 20.Rxg5+ Kf8 21.Rh5 Qe7 22.Rh6 Qe6
23.Bxf6 Nxf6 24.Rxf6 Qxf5 25.Rxf5 Ke7 26.Rh5 Rh8 27.Rxh8 Rxh8 28.Nf1  1/2-1/2

[Event "Lublin-B"]
[Site "Lublin"]
[Date "1993.??.??"]
[Round "1"]
[White "Pisulinski, Jan"]
[Black "Maksimenko, Andrei"]
[Result "0-1"]
[WhiteElo "2375"]
[BlackElo "2435"]

1.d4 Nf6 2.c4 e6 3.Nc3 Bb4 4.Qc2 O-O 5.Bg5 c5 6.dxc5 Bxc5 7.Nf3 Nc6 8.e3 b6
9.a3 Bb7 10.Bd3 h6 11.h4 Be7 12.Rh3 Rc8 13.Bxf6 Bxf6 14.g4 Ne5 15.Nxe5 Bxe5
16.f4 Bxc3+ 17.Qxc3 d5 18.Rd1 Qe7 19.g5 h5 20.Be2 g6 21.Qb3 Rfd8 22.Rd4 dxc4
23.Rxd8+ Qxd8 24.Bxc4 Qc7 25.Be2 Qc1+ 26.Bd1 Be4 27.Rh2 Rd8 28.Re2 Bf3 29.Qc2 Qxc2  0-1

[Event "Lublin-B"]
[Site "Lublin"]
[Date "1993.??.??"]
[Round "7"]
[White "Pisulinski, Jan"]
[Black "Jamroz, Zbigniew"]
[Result "1-0"]
[WhiteElo "2375"]
[BlackElo "2280"]

1.d4 Nf6 2.c4 e6 3.Nc3 Bb4 4.Qc2 O-O 5.Bg5 b6 6.e4 h6 7.Bh4 c5 8.dxc5 bxc5
9.e5 g5 10.Bg3 Ne8 11.h4 Nc6 12.hxg5 Qxg5 13.Nf3 Nd4 14.Qd1 Bxc3+ 15.bxc3 Nxf3+
16.Qxf3 Rb8 17.Bf4 Qg7 18.Rd1 d6 19.Rh3  1-0

[Event "Lublin-B"]
[Site "Lublin"]
[Date "1993.??.??"]
[Round "9"]
[White "Maksimenko, Andrei"]
[Black "Veselovsky, Sergey"]
[Result "0-1"]
[WhiteElo "2435"]
[BlackElo "2420"]

1.d4 Nf6 2.c4 e6 3.Nc3 Bb4 4.Qc2 O-O 5.a3 Bxc3+ 6.Qxc3 d6 7.g3 e5 8.dxe5 dxe5
9.Bg2 Re8 10.b3 Nc6 11.Bb2 Nd4 12.e3 Bf5 13.O-O-O c5 14.exd4 exd4 15.Qd2 Qb6
16.Bf1 Ne4 17.Qf4 Bg6 18.Rd3 Nc3 19.Kc2 Re1 20.Nf3 Rxf1 21.Rxf1 Bxd3+ 22.Kxd3 Qxb3
23.Bxc3 Qxc3+ 24.Ke4 Re8+ 25.Kd5 Rd8+ 26.Ke5 f6+ 27.Kf5 Qd3+ 28.Qe4 Qxf1
29.Qe6+ Kf8 30.Kg4 Qd1 31.Qf5 Qe2 32.Qxh7 Re8 33.Qh5 Kg8 34.Kh4 Qe6 35.g4 f5
36.g5 g6 37.Qh6 Qe4+ 38.Kg3 Qg4+  0-1

[Event "Lyon op"]
[Site "Lyon"]
[Date "1993.??.??"]
[Round "1"]
[White "Mitkov, Marjan"]
[Black "Kosten, Anthony C"]
[Result "1/2-1/2"]
[WhiteElo "2325"]
[BlackElo "2505"]

1.d4 Nf6 2.c4 e6 3.Nc3 Bb4 4.Qc2 O-O 5.a3 Bxc3+ 6.Qxc3 b6 7.Bg5 Bb7 8.f3 h6
9.Bh4 d5 10.e3 Nbd7 11.cxd5 exd5 12.Bd3 Re8 13.Ne2 c5 14.O-O Rc8 15.Qd2 Qe7
16.Bf2 Nf8 17.Rfe1 Ne6 18.Rad1 Bc6  1/2-1/2

[Event "Madrid-B"]
[Site "Madrid"]
[Date "1993.??.??"]
[Round "?"]
[White "Bass, Leonid"]
[Black "De la Cruz Lopez, Jesus"]
[Result "1/2-1/2"]
[WhiteElo "2500"]
[BlackElo "2365"]

1.d4 Nf6 2.c4 e6 3.Nc3 Bb4 4.Qc2 O-O 5.a3 Bxc3+ 6.Qxc3 b6 7.Bg5 Bb7 8.e3 d6
9.f3 Nbd7 10.Bd3 c5 11.dxc5 Nxc5 12.Bc2 e5 13.Ne2 Rc8 14.Rd1 Ne6 15.Bxf6 Qxf6
16.O-O d5 17.Qd3 e4 18.fxe4 dxc4 19.Qc3 Qh6 20.Nd4 Rc7 21.Nf5 Qf6 22.e5 Qg5
23.Rd2 Rd8 24.Nd6 Nf8 25.Rf5 Qh4 26.Rd4 Qh6 27.Nxf7 Qc6 28.Be4 Qxe4 29.Rxe4 Rd1+
30.Kf2 Bxe4 31.Rf4 Rxf7 32.Qxc4 Bd5 33.Qc2 Ra1 34.Qd3 Be6 35.Kg3 Rc1 36.h4 Rcc7
37.h5 h6  1/2-1/2

[Event "AUS-ch op"]
[Site "Melbourne"]
[Date "1993.??.??"]
[Round "2"]
[White "Solomon, Stephen J"]
[Black "Allen, Andrew"]
[Result "1-0"]
[WhiteElo "2450"]
[BlackElo "2170"]

1.d4 Nf6 2.c4 e6 3.Nc3 Bb4 4.Qc2 O-O 5.a3 Bxc3+ 6.Qxc3 Ne4 7.Qc2 f5 8.g3 b6
9.Bg2 Bb7 10.Nf3 d6 11.O-O Qc8 12.b3 Nd7 13.Bb2 Qe8 14.Rad1 Qh5 15.d5 Rae8
16.Bc1 exd5 17.cxd5 f4 18.Bxf4 Ndf6 19.Qxc7 Bxd5 20.Rd4 Rf7 21.Qc2 g5 22.Bc1 Bb7
23.Qd3 Rfe7 24.b4 d5 25.Bb2 Nd6 26.e3 h6 27.Rc1 Nde4 28.Rc2 Qf7 29.Qf1 Qg6
30.Qd1 Ng4 31.h3 Ngf6 32.Rd3 Ba6 33.Rxd5 Nxd5 34.Qxd5+ Kh7 35.Ne5 Bb7 36.Nxg6 Bxd5
37.Nxe7 Rxe7 38.Bd4 Kg6 39.Rc8 Kf5 40.Rd8 Ke6 41.Rc8 Kf5 42.Bf3 Kg6 43.Rd8 Bb7
44.Rg8+ Kh7 45.Rb8 Bd5 46.Bh5 Rg7 47.Bxg7 Kxg7 48.Bf3  1-0

[Event "Melbourne"]
[Site "Melbourne"]
[Date "1993.??.??"]
[Round "8"]
[White "West, Guy"]
[Black "Noble, Mark Frederick"]
[Result "1-0"]
[WhiteElo "2405"]
[BlackElo "2310"]

1.c4 Nf6 2.Nc3 e6 3.d4 Bb4 4.Qc2 O-O 5.Nf3 c5 6.dxc5 Na6 7.a3 Bxc3+ 8.Qxc3 Nxc5
9.b4 Nce4 10.Qd4 d5 11.cxd5 Qxd5 12.Qxd5 Nxd5 13.Ne5 Nd6 14.f3 f6 15.Nd3 e5
16.e4 Ne7 17.Be3 Be6 18.Nb2 Kf7 19.Rd1 Rfd8 20.Bc5 Ne8 21.Rxd8 Rxd8 22.Bd3 b6
23.Be3 Nc6 24.Kf2 Ke7 25.Rc1 Rc8 26.Ke2 Kd8 27.Kd2 Nd6 28.Be2 Kd7 29.Bd1 Ne7
30.Rxc8 Kxc8 31.Be2 Kc7 32.b5 Ng6 33.a4 Nb7 34.Kc3 Nf8 35.Nd3 Na5 36.Bc1 Bb3
37.Kb4 Ne6 38.Be3 Bc4 39.Nc1 Bxe2 40.Nxe2 Nb7 41.Nc1 Nd6 42.Nd3 Kb7 43.Nb2 Kc7
44.Nc4 Nb7 45.Kc3 Nec5 46.Nb2 a6 47.bxa6 Nxa6 48.Nd3 Kc6 49.Nb4+ Nxb4 50.Kxb4 Nd6
51.Bc1 g6 52.Bh6 f5 53.exf5 Nxf5 54.Bg5 Nd4 55.Kc3 b5 56.a5 Kb7 57.Kb4 Ka6
58.Bf6 Nc2+ 59.Kc5 Ne1 60.Kd5 Kxa5 61.f4 Nxg2 62.fxe5 Nf4+ 63.Kd6 Nh5 64.Bh8 Nf4
65.e6 Nxe6 66.Kxe6 Kb4 67.Kf6 Kc4 68.Kg7  1-0

[Event "Merida"]
[Site "Merida"]
[Date "1993.??.??"]
[Round "10"]
[White "Leitao, Rafael"]
[Black "De Souza, Mauro"]
[Result "1-0"]
[WhiteElo "2295"]
[BlackElo "2295"]

1.d4 Nf6 2.c4 e6 3.Nc3 Bb4 4.Qc2 O-O 5.a3 Bxc3+ 6.Qxc3 b6 7.Bg5 Bb7 8.f3 h6
9.Bh4 c5 10.dxc5 bxc5 11.e3 a5 12.Nh3 d6 13.Nf2 Nbd7 14.O-O-O Qe7 15.Be2 e5
16.e4 Qe6 17.Rd2 Rfb8 18.Qd3 Ra6 19.Nd1 Rb6 20.Ne3 g6 21.Bd1 Nh5 22.Ba4 Ndf6
23.Nd5 Bxd5 24.cxd5 Qe7 25.Qc3 g5 26.Bf2 Qb7 27.g3 g4 28.Re1 gxf3 29.h3 Qa6
30.Rc2 Qb7 31.Kb1 Ng7 32.Ka2 Nge8 33.b3 Qe7 34.Qxf3 Nc7 35.Be3 Kg7 36.g4 Nh7
37.h4 Qf6 38.Qh3 Nb5 39.Bxb5 Rxb5 40.Rf2 Qe7 41.g5 Rxb3 42.Ref1 Kg8 43.gxh6 Nf8
44.Qg2+ Ng6 45.h7+ Kh8 46.Rxf7 Rb2+ 47.Qxb2 Rxb2+ 48.Kxb2 Qxh4 49.Ka1 Qxe4
50.Rb1 Nf8 51.Rxf8+ Kxh7 52.Rb7+ Kg6 53.Rg8+ Kf6 54.Bg5+ Kf5 55.Rf7+ Kg4
56.Be3+ Kh3 57.Rfg7 Qh4 58.Rg1 Kh2 59.R8g2+  1-0

[Event "BLR-ch"]
[Site "Minsk"]
[Date "1993.??.??"]
[Round "?"]
[White "Dydyshko, Viacheslav"]
[Black "Aleksandrov, Aleksej"]
[Result "1/2-1/2"]
[WhiteElo "2490"]
[BlackElo "2530"]

1.d4 Nf6 2.c4 e6 3.Nc3 Bb4 4.Qc2 O-O 5.a3 Bxc3+ 6.Qxc3 b6 7.Bg5 Bb7 8.f3 c5
9.dxc5 bxc5 10.e3 Nc6 11.Nh3 h6 12.Bh4 Ne4 13.Bxd8 Nxc3 14.Bc7 Rfc8 15.Bd6 Na4
16.b3 Nb6 17.O-O-O Na5 18.Kb2 Bc6 19.Be2 Nb7 20.e4 Nxd6 21.Rxd6 a5 22.a4 Kf8
23.Rhd1 Ke7 24.Ka3 Rab8 25.R6d3 Rc7 26.Rc3 Rcb7 27.Rd2 d6 28.Nf2 Nd7 29.Bd1 Rb6
30.f4 Nf6 31.Re3 Rc8 32.g3 Nd7 33.Bc2 Ba8 34.Nd1 Nb8 35.Nc3 Nc6 36.Nd5+ exd5
37.exd5+ Kf8 38.dxc6 Rbxc6 39.Be4 Rb6 40.Bxa8 Rxa8  1/2-1/2

[Event "Minsk-B"]
[Site "Minsk"]
[Date "1993.??.??"]
[Round "11"]
[White "Maksimenko, Andrei"]
[Black "Botvinnik, Ilia"]
[Result "1-0"]
[WhiteElo "2435"]
[BlackElo "2395"]

1.d4 Nf6 2.c4 e6 3.Nc3 Bb4 4.Qc2 O-O 5.a3 Bxc3+ 6.Qxc3 Qe8 7.Nf3 b6 8.g3 Bb7
9.Bg2 d6 10.O-O Nbd7 11.b3 h6 12.Bb2 Be4 13.Bh3 Bh7 14.Nd2 c6 15.Bg4 d5 16.Rfe1 b5
17.a4 Qb8 18.axb5 cxb5 19.Ra5 bxc4 20.bxc4 Rc8 21.Rea1 Nb6 22.c5 Nbd7 23.Qa3 Rc7
24.Bc1 Qc8 25.Nc4 Qd8 26.Bf4 Rcc8 27.Nd6 Rc6 28.Qa4 Nb8 29.Nxf7 Kxf7 30.Bxb8  1-0

[Event "Amber-rapid 2nd"]
[Site "Monte Carlo"]
[Date "1993.??.??"]
[Round "7"]
[White "Karpov, Anatoly"]
[Black "Polugaevsky, Lev"]
[Result "1/2-1/2"]
[WhiteElo "2725"]
[BlackElo "2635"]

1.d4 Nf6 2.c4 e6 3.Nc3 Bb4 4.Qc2 O-O 5.a3 Bxc3+ 6.Qxc3 b6 7.Nf3 Bb7 8.g3 d6
9.Bg2 Nbd7 10.O-O Qe7 11.b4 a5 12.Bb2 axb4 13.axb4 Rxa1 14.Rxa1 Ra8 15.Rxa8+ Bxa8
16.b5 Qd8 17.Bf1 Bb7 18.Ne1 Qa8 19.f3 e5 20.g4 h6 21.h4 Qa2 22.Nd3 exd4 23.Qxd4 Nf8
24.Kf2 Ne6 25.Qc3 d5 26.Nb4 Qb1 27.cxd5 Bxd5 28.Qc2 Qxc2 29.Nxc2 Bb3 30.Na3 Ne8
31.e4 g5 32.h5 Nd6 33.e5 Nb7 34.Bc4 Bd1 35.Ke3 Nbc5 36.Bc3 Na4 37.Bb4 Nac5
38.Nb1 Nd7 39.Bc3 Bc2 40.Na3 Bd1 41.Bd5 Nf4 42.Bc4 Nc5 43.Bb4 Nce6 44.Nb1 Ng2+
45.Kf2 Nh4 46.Nd2 Nd4 47.Bd5 Bc2 48.Bc4 Bd1 49.Bc3 Nhxf3 50.Nxf3 Nxf3 51.e6 fxe6
52.Bxe6+ Kf8 53.Bf6 Nh2 54.Kg3 Nf1+ 55.Kf2 Nh2 56.Bd8 Bxg4 57.Bc4 Bxh5 58.Bxc7 Ng4+
59.Kg1 Ne3 60.Bb3 Bf7 61.Bxb6  1/2-1/2

[Event "Moscow blitz"]
[Site "Moscow"]
[Date "1993.??.??"]
[Round "?"]
[White "Sherbakov, Ruslan"]
[Black "Karpov, Anatoly"]
[Result "0-1"]
[WhiteElo "2570"]
[BlackElo "2725"]

1.d4 Nf6 2.c4 e6 3.Nc3 Bb4 4.Qc2 O-O 5.a3 Bxc3+ 6.Qxc3 b6 7.Bg5 Bb7 8.f3 h6
9.Bh4 d5 10.e3 Nbd7 11.cxd5 Nxd5 12.Bxd8 Nxc3 13.Be7 Rfe8 14.Bh4 Nd5 15.Bf2 Rac8
16.e4 Ne7 17.Rc1 f5 18.Bb5 Red8 19.Bc4 Kf7 20.e5 c5 21.Ne2 cxd4 22.Bxd4 Bd5
23.Bb5 Rxc1+ 24.Nxc1 Nc6 25.Bxc6 Bxc6 26.Ne2 Nc5 27.Kf2 Nb3 28.Bc3 Bb5 29.Nc1 Nc5
30.Ke3 g5 31.g3 Bc6 32.h4 Kg6 33.Rg1 Na4 34.Bd4 Bxf3 35.b4 Be4 36.Ne2 Rc8
37.hxg5 hxg5 38.Rc1 Rxc1 39.Nxc1 Kh5 40.Nb3 Kg4  0-1

[Event "Sportland NRW-Cup"]
[Site "Muenster"]
[Date "1993.??.??"]
[Round "2"]
[White "Dao Thien Hai"]
[Black "Kindermann, Stefan"]
[Result "1-0"]
[WhiteElo "2565"]
[BlackElo "2520"]

1.d4 e6 2.c4 Nf6 3.Nc3 Bb4 4.Qc2 O-O 5.a3 Bxc3+ 6.Qxc3 b6 7.Nf3 Bb7 8.Bg5 d6
9.Nd2 Nbd7 10.f3 h6 11.Bh4 c5 12.e4 cxd4 13.Qxd4 Ne5 14.b3 Ng6 15.Bxf6 Qxf6
16.Qxf6 gxf6 17.g3 Rfd8 18.Bg2 Ne7 19.O-O f5 20.f4 Kg7 21.Rae1 fxe4 22.Nxe4 Rab8
23.g4 d5 24.cxd5 Nxd5 25.f5 exf5 26.Rxf5 Bc8 27.Rf3 Be6 28.g5 Ne7 29.Bh3 Bxh3
30.Rxh3 hxg5 31.Nxg5 Nf5 32.Rf1 Rd5 33.Rhf3 Kg6 34.Nh3 Kf6 35.Nf4 Rg8+ 36.Kh1 Re5
37.Nd3 Rd5 38.Nb4 Rc5 39.Nc6 Rg4 40.Nxa7 Kg6 41.Nc8 Nd4 42.Ne7+ Kg5 43.Rxf7 Nxb3
44.h3 Rg3 45.Rg7+  1-0

[Event "Sportland NRW-Cup"]
[Site "Muenster"]
[Date "1993.??.??"]
[Round "4"]
[White "Dao Thien Hai"]
[Black "Libeau, Rene"]
[Result "1-0"]
[WhiteElo "2565"]
[BlackElo "2425"]

1.d4 Nf6 2.c4 e6 3.Nc3 Bb4 4.Qc2 O-O 5.a3 Bxc3+ 6.Qxc3 b6 7.Bg5 c5 8.dxc5 bxc5
9.Nf3 Nc6 10.Nd2 Rb8 11.e3 d5 12.Bd3 d4 13.exd4 Qxd4 14.Qxd4 Nxd4 15.Rb1 Nd7
16.O-O a5 17.Be7 Re8 18.Bd6 Rb6 19.Bc7 Ra6 20.Ne4 a4 21.Nd6 Rf8 22.Nb5 Bb7
23.Nxd4 cxd4 24.c5 Rc6 25.Bd6 Nxc5 26.Bxf8 Nxd3 27.Bb4 e5 28.b3 axb3 29.Rxb3 e4
30.Ba5 Bc8 31.Rb6 Rc4 32.Rd6 h6 33.Bb6 Nf4 34.Re1 d3 35.h3 Ne2+ 36.Kh2 Rc2
37.Ra1 Bb7 38.a4 Nc3 39.Be3 Nd5 40.a5 d2 41.Bxd2 Rxd2 42.a6 Bxa6 43.Raxa6 Nc7
44.Rxd2 Nxa6 45.Rd8+ Kh7 46.Re8 Nc5 47.Re5 Nd3 48.Rxe4 Nxf2 49.Rf4 Nd3 50.Rxf7 Kg6
51.Rf1 Nc5 52.Kg3 Ne6 53.Kf3 Kf5 54.Ke3+ Kg5 55.g3 h5 56.Rb1 g6 57.Ke4 Ng7
58.Rb5+ Nf5 59.Kf3 Kf6 60.Rb6+ Kf7 61.Kf4 Nd4 62.Kg5 Nf3+ 63.Kh6 Ne5 64.Ra6  1-0

[Event "Munich op9293"]
[Site "Munich"]
[Date "1993.??.??"]
[Round "2"]
[White "Yakovich, Yuri"]
[Black "Kabatianski, Alexandr"]
[Result "1/2-1/2"]
[WhiteElo "2520"]
[BlackElo "2275"]

1.d4 Nf6 2.c4 e6 3.Nc3 Bb4 4.Qc2 O-O 5.Nf3 c5 6.a3 Bxc3+ 7.Qxc3 b6 8.Bg5 cxd4
9.Nxd4 Bb7 10.e3 d5 11.cxd5 Qxd5 12.Bxf6 Rc8 13.Qb4 gxf6 14.Rd1 Nc6 15.Nxc6 Qxc6
16.f3 Rd8 17.Bd3 Rxd3 18.Rxd3 Qc1+ 19.Kf2 Qxh1 20.Qg4+ Kf8 21.Qb4+ Kg7 22.Qg4+ Kf8
23.Qb4+ Kg7 24.Qg4+ Kh8 25.Qh4 Kg7  1/2-1/2

[Event "Munich op9293"]
[Site "Munich"]
[Date "1993.??.??"]
[Round "6"]
[White "Elbilia, Jacques"]
[Black "Kabatianski, Alexandr"]
[Result "0-1"]
[WhiteElo "2340"]
[BlackElo "2275"]

1.d4 Nf6 2.c4 e6 3.Nc3 Bb4 4.Qc2 O-O 5.Bg5 c5 6.dxc5 Nc6 7.e3 Bxc5 8.a3 b6
9.Nf3 Bb7 10.Be2 Rc8 11.O-O Be7 12.Rfd1 Na5 13.Ne5 d5 14.cxd5 Nxd5 15.Bxe7 Qxe7
16.Nxd5 Bxd5 17.Qa4 Rc7 18.Rdc1 Nb3 19.Rxc7 Qxc7  0-1

[Event "FRA-ch"]
[Site "Nantes"]
[Date "1993.??.??"]
[Round "8"]
[White "Hauchard, Arnaud"]
[Black "Renet, Olivier"]
[Result "1/2-1/2"]
[WhiteElo "2450"]
[BlackElo "2505"]

1.d4 Nf6 2.c4 e6 3.Nc3 Bb4 4.Qc2 O-O 5.a3 Bxc3+ 6.Qxc3 b6 7.Bg5 Bb7 8.Nh3 Re8
9.f3 h6 10.Bh4 d5 11.e3 Nbd7 12.cxd5 Nxd5 13.Bxd8 Nxc3 14.Bh4 Nd5 15.Kd2 f5
16.Bb5 c6 17.Ba4 b5 18.Bc2 c5 19.dxc5 Nxc5 20.b4 Nd7 21.Bd3 a6 22.e4 fxe4
23.Bxe4 Ne5 24.Rhc1 Rec8 25.Bg3 Rxc1 26.Kxc1 Rc8+ 27.Kd2 Nc4+  1/2-1/2

[Event "FRA-ch"]
[Site "Nantes"]
[Date "1993.??.??"]
[Round "14"]
[White "Chabanon, Jean Luc"]
[Black "Renet, Olivier"]
[Result "1/2-1/2"]
[WhiteElo "2415"]
[BlackElo "2505"]

1.d4 Nf6 2.c4 e6 3.Nc3 Bb4 4.Qc2 O-O 5.a3 Bxc3+ 6.Qxc3 d6 7.Bg5 Nbd7 8.f3 e5
9.e3 Re8 10.d5 a5 11.Bd3 Qe7 12.Bc2 h6 13.Bh4 b5 14.cxb5 Nxd5 15.Bxe7 Nxc3
16.bxc3 Rxe7 17.Ne2 Nb6 18.Kf2 Be6 19.a4 Kf8 20.Rhd1 Rd7 21.Nc1 Ke7 22.Bb3 c6
23.Bxe6 Kxe6 24.bxc6 Rc7 25.Ne2 Rxc6 26.Rdb1 Ra6 27.e4 Nd7 28.Ke3 Nc5 29.Rb5 Rcb6
30.c4 Rc6 31.Nc3 Nd7 32.Kd3 Nc5+ 33.Ke3  1/2-1/2

[Event "Maccabiah op"]
[Site "Netanya"]
[Date "1993.??.??"]
[Round "3"]
[White "Bursztyn, Alexander"]
[Black "Volman, Horassio"]
[Result "1/2-1/2"]
[WhiteElo "2260"]
[BlackElo "2240"]

1.d4 Nf6 2.c4 e6 3.Nc3 Bb4 4.Qc2 O-O 5.a3 Bxc3+ 6.Qxc3 b5 7.cxb5 c6 8.f3 Nd5
9.Qd3 f5 10.e4 fxe4 11.fxe4 Nf6 12.Bg5 Qb6 13.Nf3 Bb7 14.Bxf6 Rxf6 15.e5 Rf5
16.Be2 cxb5 17.Qxb5 Qc7 18.Qb3 Nc6 19.Rc1 Rb8 20.Qe3 Qb6 21.Bd3 Rxf3 22.Qxf3 Nxd4
23.Qh5 Nf5 24.Bxf5 Qe3+ 25.Kd1 exf5 26.Qe2  1/2-1/2

[Event "New York op"]
[Site "New York"]
[Date "1993.??.??"]
[Round "7"]
[White "Colure, Thomas Sean"]
[Black "Landenbergue, Claude"]
[Result "0-1"]
[WhiteElo "2255"]
[BlackElo "2385"]

1.d4 Nf6 2.c4 e6 3.Nc3 Bb4 4.Qc2 O-O 5.Nf3 c5 6.dxc5 Na6 7.a3 Bxc3+ 8.Qxc3 Nxc5
9.e3 a5 10.Be2 a4 11.O-O b6 12.b4 axb3 13.Bb2 Ba6 14.Rfd1 Rc8 15.Rac1 Qe7
16.Qb4 Nfe4 17.Bf1 f5 18.Qxb6 Ra8 19.Be5 Rfc8 20.Qb4 d6 21.Bb2 e5 22.Qe1 Na4
23.Rb1 Bxc4 24.Bxc4+ Rxc4 25.Nd2 Rc2 26.Nxe4 fxe4 27.Qb4 Qf7 28.Rd2 Nxb2
29.Qxe4 Rxd2 30.Qxa8+ Qf8  0-1

[Event "NOR-chT west"]
[Site "NOR"]
[Date "1993.??.??"]
[Round "3"]
[White "Harestad, Thor Geir"]
[Black "Fossan, Erik"]
[Result "1/2-1/2"]
[WhiteElo "2270"]
[BlackElo "2325"]

1.d4 Nf6 2.c4 e6 3.Nc3 Bb4 4.Qc2 O-O 5.Nf3 c5 6.dxc5 Na6 7.a3 Bxc3+ 8.Qxc3 Nxc5
9.e3 b6 10.Be2 Ba6 11.O-O Rc8 12.b4 Nce4 13.Qd4 d5 14.b5 Bb7 15.cxd5 Nc3
16.Bd3 Qxd5 17.Bb2 Qxd4 18.Nxd4 Na4 19.Rab1 Rfd8 20.Rfd1 e5 21.Nc6 Bxc6 22.bxc6 Nxb2
23.Rxb2 Rxc6 24.Be2 Rxd1+ 25.Bxd1 Rc1 26.Rd2 Kf8 27.f3 Rc3 28.a4 Rxe3 29.Kf2 Rc3
30.g4 Ke7 31.Bc2 e4 32.Bxe4 Nxe4+ 33.fxe4 Rc4 34.a5 Rxe4 35.axb6 axb6 36.Kf3 Re6
37.h4 b5 38.Rb2 Rb6 39.g5 b4 40.Ke4 b3 41.h5 h6 42.gxh6 gxh6 43.Kf5 Rb5+
44.Kg4 f5+ 45.Kf4 Kf6 46.Rxb3 Re5 47.Rb6+ Re6 48.Rb4 Re1 49.Rb6+ Re6 50.Rb4 Rc6
51.Ra4 Rb6 52.Rc4 Ra6 53.Rd4 Ke6 54.Rb4 Rd6 55.Ra4 Rc6 56.Rb4  1/2-1/2

[Event "NZD-chB"]
[Site "?"]
[Date "1993.??.??"]
[Round "?"]
[White "Dive, Russell John"]
[Black "Smith, Robert W"]
[Result "1/2-1/2"]
[WhiteElo "2295"]
[BlackElo "2255"]

1.d4 Nf6 2.c4 e6 3.Nc3 Bb4 4.Qc2 O-O 5.a3 Bxc3+ 6.Qxc3 b6 7.e3 Bb7 8.Nf3 c5
9.dxc5 bxc5 10.Bd3 d6 11.O-O a5 12.b3 Nbd7 13.Bb2 e5 14.Nd2 Re8 15.Rfd1 e4
16.Be2 Ne5 17.b4 Nfd7 18.Nb3 axb4 19.axb4 Rxa1 20.Bxa1 Qb6 21.b5 Ra8 22.Qd2 d5
23.Bxe5 Nxe5 24.cxd5 c4 25.Qc3 Qf6 26.Nd4 Bxd5 27.Ra1 Rxa1+ 28.Qxa1 Nd3 29.Qf1 Qg5
30.Qa1 Qf6 31.Qf1 Qg5  1/2-1/2

[Event "NZD-chB"]
[Site "?"]
[Date "1993.??.??"]
[Round "?"]
[White "Dive, Russell John"]
[Black "Noble, Mark Frederick"]
[Result "1-0"]
[WhiteElo "2295"]
[BlackElo "2310"]

1.d4 Nf6 2.c4 e6 3.Nc3 Bb4 4.Qc2 O-O 5.a3 Bxc3+ 6.Qxc3 b5 7.cxb5 c6 8.Bg5 cxb5
9.e3 Bb7 10.Nf3 h6 11.Bh4 a6 12.Bd3 Nc6 13.O-O Rc8 14.Qd2 Ne7 15.Bxf6 gxf6
16.a4 Bc6 17.e4 Kg7 18.axb5 Bxb5 19.Bxb5 axb5 20.Qb4 Rb8 21.d5 Nc8 22.Rfd1 Qc7
23.Nd4 Qc4 24.Qd2 Qc5 25.Ra3 Ne7 26.Rg3+ Ng6 27.Qd3 Rbc8 28.h4 h5 29.Qf3 Qe7
30.d6 Qd8 31.Qxh5 Rh8 32.Qg4 Rc5 33.Nf5+ exf5 34.exf5 Rc4 35.Rd4 Rc1+ 36.Kh2 Rh6
37.h5 Rc5 38.Rh3 Qe8 39.hxg6 Rxh3+ 40.Qxh3 fxg6 41.fxg6 Kxg6 42.Rh4 Qe5+
43.f4  1-0

[Event "Odorheiu Secuiesc op"]
[Site "Odorheiu Secuiesc"]
[Date "1993.??.??"]
[Round "2"]
[White "Bets, Anatolij"]
[Black "Cretu, Alina"]
[Result "1/2-1/2"]
[WhiteElo "2260"]
[BlackElo "2055"]

1.d4 Nf6 2.c4 e6 3.Nc3 Bb4 4.Qc2 O-O 5.Nf3 d5 6.a3 Bxc3+ 7.Qxc3 Ne4 8.Qc2 Nd7
9.Bf4 c6 10.e3 h6 11.Bd3 Ndf6 12.O-O Qe7 13.h3 c5 14.cxd5 exd5 15.dxc5 Nxc5
16.Be2 Be6 17.b4 Nce4 18.Qb2 Rac8 19.Rac1 Rfd8 20.Be5 Nd6 21.Bd4 b6 22.Ne5 Nc4
23.Bxc4 dxc4 24.b5 Bd5 25.f3 Qe6 26.Rc2 Rc7 27.Rfc1 Rdc8 28.e4 Bb7 29.Qb4 Nd7
30.Nxc4 Nc5 31.Bxc5 Rxc5 32.Ne3 Rxc2 33.Rxc2 Rxc2 34.Nxc2 a6 35.Nd4 Qc8 36.Nf5 Qc1+
37.Kf2 axb5 38.Qxb5 Qxa3 39.Qxb6 Ba6 40.Qd4 Qf8 41.Qe5 Bc4 42.Ne7+ Kh8 43.h4 Qd8
44.Nf5 Qb6+ 45.Kg3 Qg6+ 46.Kh2 Kh7 47.g4 f6 48.Qe7 Qf7 49.h5 Qxe7 50.Nxe7 Be2
51.Kg3 Bd1 52.Kf2 Bb3 53.Ke2 Bc4+ 54.Ke3 Bb3 55.Kd2 Bc4 56.Ke3 Bb3 57.Kf4 Bd1
58.Kg3 Be2 59.f4 Bd1 60.e5 fxe5 61.fxe5 Bb3 62.Kf4 Be6 63.Nf5 g6 64.Nd4 Bf7
65.hxg6+ Kxg6 66.Nc6 Be8 67.Ne7+ Kf7 68.Nf5 Kg6 69.Nh4+ Kf7 70.Ke4 Bd7 71.Nf5 Kg6
72.Kd5 Kg5 73.Kd6 Ba4 74.e6 h5 75.gxh5 Kxf5  1/2-1/2

[Event "Osijek"]
[Site "Osijek"]
[Date "1993.??.??"]
[Round "10"]
[White "Sale, Srdjan"]
[Black "Lau, Ralf"]
[Result "1-0"]
[WhiteElo "2405"]
[BlackElo "2510"]

1.d4 Nf6 2.c4 e6 3.Nc3 Bb4 4.Qc2 O-O 5.a3 Bxc3+ 6.Qxc3 b6 7.Bg5 c5 8.dxc5 bxc5
9.Nf3 Bb7 10.e3 Nc6 11.Bd3 Qa5 12.Qxa5 Nxa5 13.Nd2 d5 14.Bxf6 gxf6 15.Ke2 Rfd8
16.Rhd1 Ba6 17.b3 dxc4 18.Bxc4 Nxc4 19.bxc4 f5 20.Rac1 Rab8 21.Rb1 Kf8 22.Rxb8 Rxb8
23.Kd3 Ke7 24.Kc3 Rd8 25.Rg1 Rg8 26.g3 Kd6 27.e4 Bb7 28.exf5 exf5 29.Rd1 Ke6
30.Rb1 Ba6 31.Nb3 Rc8 32.Re1+ Kf6 33.f4 Kg6 34.Re5 f6 35.Rxc5 Re8 36.Nd4 Re3+
37.Kb4 Bb7 38.Nxf5  1-0